世界の覇者4の修行 - Statistics

General Stats
  • This quiz has been taken 3 times
  • The average score is 6 of 41
Answer Stats
答え % Correct
ロコソフスキー
100%
ボック
50%
ルントシュテット
50%
モーデル
50%
クズネツォフ
50%
パットン
50%
オーキンレック
50%
チトー
50%
ヴァシレフスキー
50%
ニミッツ
50%
ジューコフ
50%
ド・ゴール
0%
ハルゼー
0%
ゴヴォロフ
0%
ブラッドレー
0%
アイゼンハワー
0%
戦争マシーン
0%
火力封鎖
0%
鋼鉄の意志
0%
挑発
0%
海上の覇者
0%
陣地戦
0%
連合攻勢
0%
艦隊突撃
0%
鉄胆突撃
0%
対決
0%
協同反撃
0%
縦深攻撃
0%
消耗戦術
0%
不屈の自己鍛錬
0%
英雄
0%
北境掃討
0%
協調指揮
0%
八月の嵐
0%
戦略展開
0%
海上騎士
0%
深き蒼の決断
0%
大縦深戦術
0%
消火隊長
0%
遠征軍司令官
0%
覇王作戦
0%
No matching quizzes found
Score Distribution
Percent of People with Each Score
Percentile by Number Answered
Your Score History
You have not taken this quiz